<?xml version="1.0" encoding="UTF-8"?>
<collection xmlns="http://www.loc.gov/MARC21/slim">
 <record>
  <leader>00915aam a22002658a 4500</leader>
  <controlfield tag="001">00046479</controlfield>
  <controlfield tag="005">20210310140337.0</controlfield>
  <controlfield tag="008">120404s2010                  ||||||viesd</controlfield>
  <datafield tag="020" ind1="#" ind2="#">
   <subfield code="a">9786049976537</subfield>
   <subfield code="c">0</subfield>
  </datafield>
  <datafield tag="041" ind1="0" ind2="#">
   <subfield code="a">vie</subfield>
  </datafield>
  <datafield tag="082" ind1="1" ind2="4">
   <subfield code="a">344.597</subfield>
   <subfield code="b">S450T</subfield>
  </datafield>
  <datafield tag="100" ind1="#" ind2="#">
   <subfield code="a">Nguyễn, Thị Xuân</subfield>
   <subfield code="e">Tổng hợp</subfield>
  </datafield>
  <datafield tag="245" ind1="1" ind2="0">
   <subfield code="c">Nguyễn Thị Xuân, Tống Thế Toàn (tổng hợp)</subfield>
   <subfield code="a">Sổ tay quản lý an toàn thực phẩm</subfield>
  </datafield>
  <datafield tag="260" ind1="#" ind2="#">
   <subfield code="a">Hà Nội</subfield>
   <subfield code="b">Hồng Đức</subfield>
   <subfield code="c">2020</subfield>
  </datafield>
  <datafield tag="300" ind1="#" ind2="#">
   <subfield code="a">283tr.</subfield>
   <subfield code="c">21cm</subfield>
  </datafield>
  <datafield tag="653" ind1="#" ind2="#">
   <subfield code="a">An toàn thực phẩm</subfield>
  </datafield>
  <datafield tag="653" ind1="#" ind2="#">
   <subfield code="a">Văn bản luật</subfield>
  </datafield>
  <datafield tag="653" ind1="#" ind2="#">
   <subfield code="a">Sổ tay</subfield>
  </datafield>
  <datafield tag="653" ind1="#" ind2="#">
   <subfield code="a">Pháp luật</subfield>
  </datafield>
  <datafield tag="653" ind1="#" ind2="#">
   <subfield code="a">Quy định</subfield>
  </datafield>
  <datafield tag="653" ind1="#" ind2="#">
   <subfield code="a">Quản lý</subfield>
  </datafield>
  <datafield tag="700" ind1="#" ind2="#">
   <subfield code="a">Tống Thế Toàn</subfield>
   <subfield code="e">Tổng hợp</subfield>
  </datafield>
  <datafield tag="852" ind1="#" ind2="#">
   <subfield code="j">KD.0027863</subfield>
   <subfield code="j">KM.0035066</subfield>
  </datafield>
  <datafield tag="910" ind1="#" ind2="#">
   <subfield code="d">10/03/2021</subfield>
  </datafield>
  <datafield tag="980" ind1="#" ind2="#">
   <subfield code="a">Trung tâm Học liệu Lê Vũ Hùng, Trường Đại học Đồng Tháp</subfield>
  </datafield>
 </record>
</collection>
